000 00805cam a2200205 4500
001 L129602
008 #DATE n2005 000 0 eng u
035 _a(Sirsi) u129602
041 _aeng
050 _a690.241
_c18
110 _aRoyal Institution of Chartered Surveyors
_94900
245 _aRICS Building Conservation Forum
_bmembers directory 2005
260 _aLondon
_bRICS
_c2005
300 _a[37p.]
_c15cm.
520 _aLists RICS Building Conservation Forum board members, chartered surveyors in conservation accredited by RICS and members of the forum. Appends a list of useful websites.
590 _aIKA070605
690 _aABOUT RICS-RICS FORUMS-RICS BUILDING CONSERVATION FORUM
710 _aRoyal Institution of Chartered Surveyors
_bBuilding Conservation Forum
_94708
942 _n0
999 _c104247
_d104247